Boeing... or Airbus? - Statistics

General Stats
  • This quiz has been taken 550 times
    549 since last reset
  • The average score is 8 of 10
Answer Stats
Question Answer % Correct
Produces the 747. Boeing
99%
Produces the A330. Airbus
98%
Is European. Airbus
95%
Was created later. Airbus
95%
Is named after the founder of the company. Boeing
95%
Bought McDonnel Douglas. Boeing
95%
Has more planes in United Airlines' fleet. Boeing
85%
Produced the Model 6. Boeing
65%
Has a slightly higher market share. Airbus
64%
Produces the C100 along with Bombardier. Airbus
58%
No matching quizzes found
Score Distribution
Percent of People with Each Score
Percentile by Number Answered
Your Score History
You have not taken this quiz since the last reset